[Event "Dhaka Marcel op"]
[Site "Dhaka"]
[Date "2022.04.21"]
[Round "3"]
[White "Mohammad, Minhaz Uddin"]
[Black "Sabya, Sachi"]
[Result "1-0"]
[WhiteElo "2240"]
[BlackElo "1844"]
[PlyCount "59"]
[EventDate "2022.04.19"]
[EventType "swiss"]
[EventRounds "9"]
[EventCountry "BAN"]
[SourceTitle "EXT 2023"]
[Source "ChessBase"]
[SourceDate "2022.10.05"]
[SourceVersion "1"]
[SourceVersionDate "2022.10.05"]
[SourceQuality "1"]

1. e4 d6 2. d4 Nf6 3. Nc3 g6 4. Bg5 c6 5. Qd2 h6 6. Bh4 Bg7 7. f4 0-0 8. Nf3 Bg4 9. h3 Bxf3 10. gxf3 b5 11. Rg1 Nbd7 12. e5 dxe5 13. fxe5 Ne8 14. f4 Nb6 15. 0-0-0 Qd7 16. f5 g5 17. Bf2 Qxf5 18. h4 f6 19. Bd3 Qe6 20. hxg5 fxg5 21. Kb1 Nc7 22. Ne4 Nc4 23. Qe2 a5 24. Nc5 Qf7 25. Qe4 Rfd8 26. Rgf1 Nd5 27. Qh7+ Kf8 28. Bg3 Nf4 29. Bxf4 gxf4 30. Rxf4 1-0

[Event "Dhaka Walton op"]
[Site "Dhaka"]
[Date "2021.06.20"]
[Round "6"]
[White "Anata, Choudhury"]
[Black "Sabya, Sachi"]
[Result "1-0"]
[WhiteElo "2202"]
[BlackElo "1883"]
[PlyCount "105"]
[EventDate "2021.06.15"]
[EventType "swiss"]
[EventRounds "9"]
[EventCountry "BAN"]
[SourceTitle "EXT 2022"]
[Source "ChessBase"]
[SourceDate "2021.10.06"]
[SourceVersion "1"]
[SourceVersionDate "2021.10.06"]
[SourceQuality "1"]

1. e4 d6 2. d4 Nf6 3. Nc3 g6 4. Nf3 Bg7 5. h3 c6 6. a4 a5 7. Be3 Na6 8. Qd2 Nb4 9. Be2 0-0 10. 0-0 e5 11. dxe5 dxe5 12. Rfd1 Qxd2 13. Rxd2 Nh5 14. Bc4 Nf4 15. Rad1 Be6 16. Bf1 h6 17. Kh2 g5 18. g3 Ng6 19. Bc5 Rfe8 20. Ne1 Na6 21. Bb6 Nb4 22. Ng2 Bf6 23. Ne3 Ne7 24. Bc4 Nc8 25. Bc7 Bxc4 26. Nxc4 b6 27. Nxb6 Nxb6 28. Bxb6 Reb8 29. Be3 Be7 30. Rd7 Kf8 31. Ba7 Rc8 32. R1d2 Ke8 33. Bb6 Rcb8 34. Be3 Rd8 35. Rxd8+ Rxd8 36. Re2 Rb8 37. Kg2 Na6 38. b3 Nc7 39. Nd1 Ba3 40. Bd2 Ra8 41. Ne3 f6 42. Ng4 Be7 43. Nxh6 Ne6 44. Nf5 Bf8 45. Bc3 c5 46. Ne3 Nd4 47. Rd2 Be7 48. Nc4 Bd8 49. f4 gxf4 50. gxf4 Be7 51. fxe5 fxe5 52. Bxd4 exd4 53. Rf2 1-0

[Event "Dhaka Saarc op"]
[Site "Dhaka"]
[Date "2019.12.01"]
[Round "7"]
[White "Sabya, Sachi"]
[Black "Mollah, Shafiq"]
[Result "1-0"]
[WhiteElo "1887"]
[BlackElo "1806"]
[PlyCount "53"]
[EventDate "2019.11.25"]
[EventType "swiss"]
[EventRounds "9"]
[EventCountry "BAN"]
[SourceTitle "CBM 193 Extra"]
[Source "ChessBase"]
[SourceDate "2020.01.31"]
[SourceVersion "1"]
[SourceVersionDate "2020.01.31"]
[SourceQuality "1"]

1. e4 e6 2. d4 d5 3. e5 c5 4. c3 Qb6 5. f4 Nc6 6. Nf3 Nh6 7. Bd3 cxd4 8. cxd4 Bb4+ 9. Nc3 0-0 10. Be3 Ng4 11. Bg1 Kh8 12. h3 Nh6 13. g4 g6 14. Be3 Ng8 15. h4 f5 16. h5 fxg4 17. hxg6 h6 18. g7+ Kxg7 19. Ng5 Nxd4 20. Qxg4 Nc2+ 21. Kd2 Qxe3+ 22. Kxc2 Kh8 23. Rxh6+ Nxh6 24. Qh5 Rxf4 25. Qxh6+ Kg8 26. Bh7+ Kh8 27. Bf5+ 1-0

[Event "Dhaka Walton op"]
[Site "Dhaka"]
[Date "2018.06.04"]
[Round "9"]
[White "Sabya, Sachi"]
[Black "Shahinur, Haque"]
[Result "1-0"]
[WhiteElo "1937"]
[BlackElo "1438"]
[PlyCount "64"]
[EventDate "2018.05.26"]
[EventType "swiss"]
[EventRounds "9"]
[EventCountry "BAN"]
[SourceTitle "CBM 184 Extra"]
[Source "ChessBase"]
[SourceDate "2018.06.28"]
[SourceVersion "1"]
[SourceVersionDate "2018.06.28"]
[SourceQuality "1"]

1. d4 Nf6 2. c4 g6 3. Nc3 Bg7 4. e4 d6 5. f3 0-0 6. Be3 Re8 7. Qd2 Na6 8. h4 Nh5 9. Nge2 f5 10. 0-0-0 e5 11. dxe5 Bxe5 12. exf5 Qf6 13. g4 Bxc3 14. bxc3 Ng7 15. Bd4 Qf7 16. f6 Ne6 17. g5 Nac5 18. Ng3 b5 19. cxb5 Bb7 20. Be2 a6 21. b6 Bc6 22. Rh2 Rab8 23. bxc7 Qxc7 24. h5 Qa5 25. f7+ Kf8 26. fxe8Q+ Kxe8 27. Bxc5 dxc5 28. Qe3 Bd7 29. Ne4 Ba4 30. Nxc5 Kf8 31. Nxe6+ Kg8 32. Qd4 Rb7 1-0

[Event "Dhaka Walton op"]
[Site "Dhaka"]
[Date "2018.05.27"]
[Round "2"]
[White "Shahinur, Islam"]
[Black "Sabya, Sachi"]
[Result "1-0"]
[WhiteElo "1639"]
[BlackElo "1937"]
[PlyCount "53"]
[EventDate "2018.05.26"]
[EventType "swiss"]
[EventRounds "9"]
[EventCountry "BAN"]
[SourceTitle "CBM 184 Extra"]
[Source "ChessBase"]
[SourceDate "2018.06.28"]
[SourceVersion "1"]
[SourceVersionDate "2018.06.28"]
[SourceQuality "1"]

1. d4 Nf6 2. c4 g6 3. Nc3 Bg7 4. e4 0-0 5. f3 d6 6. Be3 Nc6 7. Qd2 e5 8. Nge2 a6 9. d5 Na5 10. Ng3 b5 11. cxb5 axb5 12. Bxb5 Nb3 13. Qd1 Nxa1 14. Qxa1 Bd7 15. a4 Bxb5 16. Nxb5 Qb8 17. Qd1 Ne8 18. b4 Qb7 19. 0-0 Qa6 20. Na7 Rxa7 21. Bxa7 Qxa7+ 22. Kh1 f5 23. exf5 gxf5 24. Qc2 f4 25. Ne4 Qd4 26. Ng5 Qxd5 27. Qxh7# 1-0

[Event "BAN Marcel 1st Div"]
[Site "Dhaka"]
[Date "2018.01.06"]
[Round "8.2"]
[White "Sabya, Sachi"]
[Black "Sacchu, Afzal Hossain"]
[Result "1/2-1/2"]
[WhiteElo "1915"]
[BlackElo "2034"]
[PlyCount "134"]
[EventDate "2017.12.30"]
[EventType "team-tourn"]
[EventRounds "9"]
[EventCountry "BAN"]
[SourceTitle "CBM 182 Extra"]
[Source "ChessBase"]
[SourceDate "2018.02.23"]
[SourceVersion "1"]
[SourceVersionDate "2018.02.23"]
[SourceQuality "1"]
[WhiteTeam "Debdas Biswas Smirity Sangsad"]
[BlackTeam "Agrani Bank Daba Dal"]
[WhiteTeamCountry "BAN"]
[BlackTeamCountry "BAN"]

1. d4 d5 2. c4 e6 3. Nc3 Nf6 4. Nf3 Be7 5. Bg5 0-0 6. e3 c6 7. Qc2 Nbd7 8. cxd5 exd5 9. Bd3 Re8 10. 0-0 Nf8 11. Rab1 Be6 12. b4 N6d7 13. Bf4 a5 14. bxa5 Ra7 15. Rb3 Qxa5 16. Rfb1 b5 17. h3 b4 18. Ne2 Rc8 19. R3b2 c5 20. Rxb4 c4 21. Rb5 Qxa2 22. Qxa2 Rxa2 23. Nc1 Ra6 24. Bc2 Nf6 25. g4 h6 26. Rb7 N8d7 27. Ne5 g5 28. Bg3 Bf8 29. Kg2 Nxe5 30. Bxe5 Ne4 31. Rb8 Ra8 32. Rxc8 Rxc8 33. Ne2 Nd2 34. Rb7 Ra8 35. Ng3 Bg7 36. f4 Bxe5 37. fxe5 Bc8 38. Rc7 Be6 39. Nh5 Ra2 40. Bf5 Ne4+ 41. Kg1 Ra1+ 42. Kg2 Ra2+ 43. Kg1 Bxf5 44. gxf5 c3 45. e6 c2 46. e7 Nd6 47. Nf6+ Kg7 48. e8Q Nxe8 49. Nxe8+ Kf8 50. Nf6 Ra1+ 51. Kf2 c1Q 52. Rxc1 Rxc1 53. Nxd5 Kg7 54. e4 Rd1 55. Ke3 Rh1 56. e5 Rxh3+ 57. Ke4 Rh1 58. Kd3 Ra1 59. Ne3 Rh1 60. d5 h5 61. d6 h4 62. e6 fxe6 63. fxe6 Kf6 64. e7 Kf7 65. Nf5 h3 66. Ke2 Ra1 67. Ke3 Ra7 1/2-1/2

[Event "BAN Marcel 1st Div"]
[Site "Dhaka"]
[Date "2018.01.01"]
[Round "3.2"]
[White "Sabya, Sachi"]
[Black "Mohammad, Alamgir1111"]
[Result "1-0"]
[WhiteElo "1915"]
[BlackElo "1816"]
[PlyCount "81"]
[EventDate "2017.12.30"]
[EventType "team-tourn"]
[EventRounds "9"]
[EventCountry "BAN"]
[SourceTitle "CBM 182 Extra"]
[Source "ChessBase"]
[SourceDate "2018.02.23"]
[SourceVersion "1"]
[SourceVersionDate "2018.02.23"]
[SourceQuality "1"]
[WhiteTeam "Debdas Biswas Smirity Sangsad"]
[BlackTeam "Kasparov CC"]
[WhiteTeamCountry "BAN"]
[BlackTeamCountry "BAN"]

1. d4 Nf6 2. c4 g6 3. Nc3 Bg7 4. e4 d6 5. Be2 Nbd7 6. Be3 0-0 7. Qd2 c5 8. d5 Nb6 9. Bh6 e6 10. Bxg7 Kxg7 11. h4 exd5 12. cxd5 Ng4 13. f3 Ne5 14. g4 h6 15. Nh3 a6 16. Nf2 Nbc4 17. Qc1 f5 18. gxf5 gxf5 19. f4 fxe4 20. fxe5 e3 21. Nfe4 Nxe5 22. Qxe3 Qe7 23. 0-0-0 b5 24. Rdg1+ Kh7 25. Ng3 c4 26. Nh5 Rf7 27. Ne4 Bf5 28. Nhg3 Kh8 29. Nxf5 Rxf5 30. Qxh6+ Qh7 31. Qxh7+ Kxh7 32. Nxd6 Rf2 33. Re1 Rd8 34. Ne4 Rf4 35. Ng5+ Kh6 36. Ne6 Rdf8 37. Nxf8 Rxf8 38. Ref1 Rd8 39. Rf6+ Kg7 40. Rf5 Ng6 41. Rg1 1-0

[Event "Dhaka SGS op"]
[Site "Dhaka"]
[Date "2017.06.07"]
[Round "5"]
[White "Mortuza Mahathir, Islam"]
[Black "Sabya, Sachi"]
[Result "0-1"]
[WhiteElo "1434"]
[BlackElo "1903"]
[PlyCount "50"]
[EventDate "2017.06.03"]
[EventType "swiss"]
[EventRounds "9"]
[EventCountry "BAN"]
[SourceTitle "EXT 2019"]
[Source "ChessBase"]
[SourceDate "2018.10.10"]
[SourceVersion "1"]
[SourceVersionDate "2018.10.10"]
[SourceQuality "1"]

1. d4 Nf6 2. c4 g6 3. Nc3 Bg7 4. e4 0-0 5. f3 d6 6. Bd3 Nc6 7. Nge2 e5 8. d5 Ne7 9. h4 h5 10. Bg5 Nh7 11. Qd2 f6 12. Bh6 Bd7 13. 0-0-0 a6 14. Rdg1 Kf7 15. Bxg7 Kxg7 16. g4 b5 17. gxh5 g5 18. h6+ Kh8 19. Nd1 Ng6 20. Nf2 a5 21. Ng3 Qb8 22. Nh3 g4 23. fxg4 Bxg4 24. Qf2 Qb6 25. Qxb6 cxb6 0-1

[Event "BAN-chT"]
[Site "Dhaka"]
[Date "2016.11.25"]
[Round "3.4"]
[White "Sabya, Sachi"]
[Black "Dil, Mohammad"]
[Result "1-0"]
[WhiteElo "1896"]
[BlackElo "1749"]
[PlyCount "71"]
[EventDate "2016.11.23"]
[EventType "team-tourn"]
[EventRounds "9"]
[EventCountry "BAN"]
[SourceTitle "EXT 2018"]
[Source "ChessBase"]
[SourceDate "2017.10.13"]
[SourceVersion "1"]
[SourceVersionDate "2017.10.13"]
[SourceQuality "1"]
[WhiteTeam "Debdas Biswas Smirity Sangsad"]
[BlackTeam "Kasparov CC"]
[WhiteTeamCountry "BAN"]
[BlackTeamCountry "BAN"]

1. d4 Nf6 2. c4 g6 3. g3 Bg7 4. Bg2 0-0 5. Nc3 d6 6. Nf3 Nbd7 7. e4 e5 8. d5 Nc5 9. Qc2 Ng4 10. h3 Nh6 11. b4 Na6 12. a3 f5 13. Ng5 Qf6 14. Ne6 Bxe6 15. dxe6 Qxe6 16. exf5 Qxf5 17. Qxf5 Rxf5 18. Bxb7 Raf8 19. Bxa6 Rxf2 20. Ne4 Rc2 21. Kd1 Rg2 22. Bb7 Nf5 23. Nf6+ Bxf6 24. Bxg2 Nxg3 25. Re1 Bh4 26. Ra2 Nh5 27. Rf1 Nf4 28. Bxf4 exf4 29. Bf3 Kg7 30. Re2 Bf6 31. Re6 Kf7 32. Bd5 g5 33. Rxd6+ Kg6 34. Rd7 h5 35. Be4+ Kh6 36. Rh7# 1-0

[Event "Dhaka op"]
[Site "Dhaka"]
[Date "2016.06.26"]
[Round "3"]
[White "Md, Sharif Hossain"]
[Black "Sabya, Sachi"]
[Result "1-0"]
[WhiteElo "2111"]
[BlackElo "1859"]
[PlyCount "159"]
[EventDate "2016.06.24"]
[EventType "swiss"]
[EventRounds "9"]
[EventCountry "BAN"]
[SourceTitle "EXT 2017"]
[Source "ChessBase"]
[SourceDate "2016.10.25"]
[SourceVersion "1"]
[SourceVersionDate "2016.10.25"]
[SourceQuality "1"]

1. e4 d6 2. d4 Nf6 3. Nc3 g6 4. Bc4 Bg7 5. Be3 0-0 6. f3 Nc6 7. Qd2 e5 8. Nge2 a6 9. 0-0-0 exd4 10. Nxd4 Nxd4 11. Bxd4 Be6 12. Nd5 Bxd5 13. exd5 Nd7 14. h4 b5 15. Bb3 Bxd4 16. Qxd4 Qf6 17. h5 Qxd4 18. Rxd4 Kg7 19. c4 Rfe8 20. Kd2 Re5 21. h6+ Kf8 22. f4 Re7 23. cxb5 axb5 24. Rb4 Ra5 25. a3 f5 26. Bd1 Nc5 27. Bf3 Kf7 28. g3 Kf6 29. Rh3 Na6 30. Rd4 Ra4 31. Rxa4 bxa4 32. Bd1 Nc5 33. Bc2 Re8 34. Rh1 Ne4+ 35. Bxe4 Rxe4 36. Kd3 g5 37. Rc1 gxf4 38. gxf4 Rxf4 39. Rxc7 Kg6 40. Rd7 Kxh6 41. Rxd6+ Kg5 42. Re6 Re4 43. Ra6 h5 44. d6 Re1 45. Kc2 Re2+ 46. Kc3 Re3+ 47. Kd4 Re1 48. Kd5 Rd1+ 49. Ke5 h4 50. Ra8 Re1+ 51. Kd5 h3 52. Rh8 Kg4 53. d7 Rd1+ 54. Ke6 f4 55. d8Q Rxd8 56. Rxd8 f3 57. Rg8+ Kf4 58. Rf8+ Ke4 59. Rh8 f2 60. Rxh3 f1Q 61. Rh4+ Kd3 62. Rb4 Kc2 63. Kd5 Qd3+ 64. Kc5 Qa6 65. Kd5 Qa5+ 66. Kc4 Qe5 67. Rb5 Qe4+ 68. Kc5 Qe7+ 69. Kd5 Qf7+ 70. Kc5 Qe6 71. Rb4 Qe5+ 72. Kc4 Qa5 73. Rb5 Qa6 74. Kc5 Qc8+ 75. Kd5 Qc7 76. Rc5+ Qxc5+ 77. Kxc5 Kxb2 78. Kb4 Kc2 79. Kxa4 Kc3 80. Kb5 1-0

[Event "BAN-chB 41st"]
[Site "Dhaka"]
[Date "2015.10.16"]
[Round "2"]
[White "Sabya, Sachi"]
[Black "Ahmed, Mahtabuddin"]
[Result "0-1"]
[WhiteElo "1958"]
[BlackElo "2131"]
[PlyCount "72"]
[EventDate "2015.10.15"]
[EventType "swiss"]
[EventRounds "11"]
[EventCountry "BAN"]
[SourceTitle "CBM 169 Extra"]
[Source "ChessBase"]
[SourceDate "2015.12.18"]
[SourceVersion "1"]
[SourceVersionDate "2015.12.18"]
[SourceQuality "1"]

1. d4 d5 2. c4 c6 3. cxd5 cxd5 4. Nf3 Nf6 5. g3 Nc6 6. Nc3 Ne4 7. Qb3 e6 8. Bg2 Be7 9. 0-0 0-0 10. Be3 Na5 11. Qc2 Nxc3 12. Qxc3 b6 13. Ne5 Ba6 14. Qd2 Qd6 15. b3 Qa3 16. Nd3 Nc6 17. h4 Rac8 18. Rfc1 Nb4 19. Nf4 Rc6 20. Rxc6 Nxc6 21. Qc1 Rc8 22. Bh3 Qxc1+ 23. Rxc1 Ba3 24. Rc2 Nb4 25. Rxc8+ Bxc8 26. Bd2 Nxa2 27. Nxd5 Ba6 28. Nf4 Bc1 29. Bxc1 Nxc1 30. e4 Nxb3 31. d5 exd5 32. exd5 Nc5 33. d6 Bb5 34. Nd5 Kf8 35. f3 Nd7 36. Bxd7 Bxd7 0-1